000 00478nam a2200181Ia 4500
008 191130s2009##################000#0#eng##
020 _a9780745643588
040 _aACL
_cACL
082 _a301 GID
100 _aGiddens, Anthony
245 _aSociology
_cAnthony Giddens
260 _aCambridge
_bPolity Press
_c2009
300 _axxxiii, 1194 p. : ill. ; 28cm
650 _aSociology
990 _a4f18ad72ac10000c2652363ceb8b2d28
991 _a295798
999 _c290011
_d290011